| 000 | 01287nac a22002531u 4500 | ||
|---|---|---|---|
| 010 | _a 2004022113 | ||
| 020 | _a159337268X | ||
| 082 | 0 | 0 |
_a658.3 _bG4621 |
| 090 |
_c2509 _d2509 |
||
| 100 | _aGlaser, Judith E. | ||
| 245 | 1 | 0 |
_aCreating WE : _bchange I-thinking to we-thinking build a healthy thriving organization ; _cJudith E. Glaser. |
| 260 |
_aAvon, Mass. : _bAdams Media, _cc2005. |
||
| 300 |
_axviii, 350 p. : _bill. ; _c24 cm. |
||
| 500 | _aShuaa. | ||
| 505 | 0 | _aI'm giving orders and you're not listening -- My turf, your turf! -- I've got a case on you -- Hello, can you hear me? -- But that's how it's always been done -- Are we really on the same team? -- Get over it! -- Friend or foe? -- If they don't care, I don't care! -- They said it couldn't be done! -- Standing at the edge of a new beginning. | |
| 650 | 0 | _aCorporate culture. | |
| 650 | 0 | _aOrganizational behavior. | |
| 650 | 0 | _aCommunication in organizations. | |
| 650 | 0 | _aInterpersonal relations. | |
| 650 | 0 | _aLeadership. | |
| 856 | 4 | 1 |
_3Table of contents _uhttp://www.loc.gov/catdir/toc/ecip051/2004022113.html |
| 942 |
_cBB _k658.3G4621 |
||
| 999 |
_c2509 _d2509 |
||